000 00638nam a2200217Ia 4500
003 GCL
008 140319s9999 xx 000 0 ara d
040 _aGCL /
_cGCL
082 0 4 _a813
_bغ ا
100 1 _aغسان كنفانى
245 1 0 _aالاثار الكاملة : مج 1 الروايات , مج 2 القصص القصيرة /
_cغسان كنفانى
300 _a764 ص
490 _a
650 0 4 _aالادب العربى
650 0 4 _aالقصص القصيرة
650 0 4 _aالادب
650 0 4 _aالمسرحيات
650 0 4 _aالروايات
650 0 4 _aالروايات العربية
942 _2ddc
_cBK
999 _c48216
_d48216